000
00291nam a2200097Ia 4500
001
644206
005
20250826153600.0
008
250824s9999 xx 000 0 und d
245
0
_a
PROFESÖR Pİ İLE MATEMATİK 6 BÜYÜK İŞLER KOCAMAN KARARLAR
_c
BİRSEN EKİM ÖZEN
260
_b
TİMAŞ ÇOCUK
999
_c
644206
_d
644206